Pokemon Weight - Sudden Death - Statistics

General Stats
  • This quiz has been taken 66 times
  • The average score is 5 of 16
Answers on the Grid
Answers color-coded by a green-red scale on the quiz's grid according to % correct below.
Meganium
Rhydon
Lairon
Donphan
Mewto
Slaking
Cloyster
Kingdra
Solrock
Entei
Metang
Lapras
Glalie
Wailord
Snorlax
Groudon
Nosepass
Blastoise
Miltank
Electrode
Deoxys
Nidoqueen
Magcargo
Clamperl
Skarmory
Blissey
Girafarig
Sudowoodo
Muk
Corsola
 
Answer Stats
Answer % Correct
460kg/1014.1lbs Snorlax
62%
120kg/264.6lbs Rhydon
46%
398kg/877.4lbs Wailord
43%
950kg/2094.4lbs Groudon
41%
220kg/485lbs Lapras
41%
120kg/264.6lbs Donphan
38%
120kg/264.6lbs Lairon
35%
100.5kg/221.6lbs Meganium
30%
198kg/436.5lbs Entei
24%
130.5kg/287.7lbs Slaking
24%
202.5kg/446.4lbs Metang
22%
122kg/269lbs Mewto
22%
154kg/339.5lbs Solrock
22%
256.5kg/565.5lbs Glalie
16%
132.5kg/292.1lbs Cloyster
11%
152kg/335.1lbs Kingdra
11%
No matching quizzes found
Score Distribution
Percent of People with Each Score
Percentile by Number Answered
Your Score History
You have not taken this quiz